000 00478nam a2200181Ia 4500
005 20250508161630.0
008 008 250505s9999 xx 000 0 eng d
037 _aTextual
040 _aFEDL
_beng
_cFEDL
041 _aeng
_2eng
084 _a824, GEN
_qFEDL
100 _aDriver Tom F
_976899
245 0 _aJean Genet
260 _aNew York, USA
_b Columbia University Press
_c1966
300 _a48p
942 _cTEXL
_h824, GEN
999 _c1371235
_d1371235